The Winchester Mint and Coins and Related Finds from the Excavations of 1961-71 (Record no. 81731)
[ view plain ]
| 000 -LEADER | |
|---|---|
| fixed length control field | 02920namaa2200385uu 4500 |
| 001 - CONTROL NUMBER | |
| control field | doab134351 |
| 003 - CONTROL NUMBER IDENTIFIER | |
| control field | oapen |
| 005 - DATE AND TIME OF LATEST TRANSACTION | |
| control field | 20260218110502.0 |
| 006 - FIXED-LENGTH DATA ELEMENTS--ADDITIONAL MATERIAL CHARACTERISTICS | |
| fixed length control field | m o d |
| 007 - PHYSICAL DESCRIPTION FIXED FIELD--GENERAL INFORMATION | |
| fixed length control field | cr|mn|---annan |
| 008 - FIXED-LENGTH DATA ELEMENTS--GENERAL INFORMATION | |
| fixed length control field | 240218s2024 xx |||||o ||| 0|eng d |
| 020 ## - INTERNATIONAL STANDARD BOOK NUMBER | |
| International Standard Book Number | 9780198131724 |
| 020 ## - INTERNATIONAL STANDARD BOOK NUMBER | |
| International Standard Book Number | 9781803270128 |
| 040 ## - CATALOGING SOURCE | |
| Original cataloging agency | oapen |
| Transcribing agency | oapen |
| Modifying agency | |
| 041 0# - LANGUAGE CODE | |
| Language code of text/sound track or separate title | eng |
| 042 ## - AUTHENTICATION CODE | |
| Authentication code | dc |
| 245 00 - TITLE STATEMENT | |
| Title | The Winchester Mint and Coins and Related Finds from the Excavations of 1961-71 |
| 260 ## - PUBLICATION, DISTRIBUTION, ETC. | |
| Date of publication, distribution, etc. | 2024 |
| 300 ## - PHYSICAL DESCRIPTION | |
| Extent | 1 online resource |
| 336 ## - CONTENT TYPE | |
| Content type term | text |
| Content type code | txt |
| Source | rdacontent |
| 337 ## - MEDIA TYPE | |
| Media type term | computer |
| Media type code | c |
| Source | rdamedia |
| 338 ## - CARRIER TYPE | |
| Carrier type term | online resource |
| Carrier type code | cr |
| Source | rdacarrier |
| 506 0# - RESTRICTIONS ON ACCESS NOTE | |
| Standardized terminology for access restriction | Unrestricted online access |
| Source of term | star |
| 520 ## - SUMMARY, ETC. | |
| Summary, etc. | Edited by Martin Biddle with a catalogue of the known coins of the mint by Yvonne Harvey, this volume records and illustrates the minting of silver pennies in Winchester between the reigns of Alfred the Great and Henry III, a period of three and a half centuries. At the Mint, which was situated in the area of the High Street to the east of where the city's cross now stands, at least 24 million silver pennies (possibly as many as 50 million) were struck. Five and a half thousand survive in museums and collections all over the world. These have been sought out and photographed (some 3200 coins in 6400 images detailing both sides), and minutely catalogued by Yvonne Harvey for this volume. <br><br> During the period from late in the reign of Alfred to the time of Henry III, dies for striking the coins were produced centrally under royal authority in the most sophisticated system of monetary control at the time in the western world. In this first account of a major English mint to have been made in forty years, a team of leading authorities have studied and analysed the use the Winchester moneyers made of the dies, and together with the size, weight, and the surviving number of coins from each pair of dies, have produced a detailed account of the varying fortunes of the mint over this period. Their results are critical for the economic history of England and the changing status of Winchester over this long period, and provide the richest available source for the history of the name of the city and the personal names of its citizens in the later Anglo-Saxon period. |
| 536 ## - FUNDING INFORMATION NOTE | |
| Text of note | Knowledge Unlatched |
| 540 ## - TERMS GOVERNING USE AND REPRODUCTION NOTE | |
| Terms governing use and reproduction | Creative Commons |
| -- | https://creativecommons.org/licenses/by-nc-nd/4.0/ |
| -- | cc |
| Uniform Resource Identifier | <a href="https://creativecommons.org/licenses/by-nc-nd/4.0/">https://creativecommons.org/licenses/by-nc-nd/4.0/</a> |
| 546 ## - LANGUAGE NOTE | |
| Language note | English |
| 650 #7 - SUBJECT ADDED ENTRY--TOPICAL TERM | |
| Topical term or geographic name entry element | Coins, banknotes, medals, seals (numismatics) |
| Source of heading or term | bicssc |
| 650 #7 - SUBJECT ADDED ENTRY--TOPICAL TERM | |
| Topical term or geographic name entry element | European history |
| Source of heading or term | bicssc |
| 720 1# - ADDED ENTRY--UNCONTROLLED NAME | |
| Name | Biddle, Martin |
| Relator code | edt |
| 720 1# - ADDED ENTRY--UNCONTROLLED NAME | |
| Name | Biddle, Martin |
| Relator code | oth |
| 793 0# - | |
| -- | DOAB Library. |
| 856 ## - ELECTRONIC LOCATION AND ACCESS | |
| Uniform Resource Identifier | <a href="https://docs.google.com/spreadsheets/d/1yKIrdCPDAG_9c22mwoOIO2DOhtj65Wqa/edit?usp=sharing&ouid=106555315294820607512&rtpof=true&sd=true ">https://docs.google.com/spreadsheets/d/1yKIrdCPDAG_9c22mwoOIO2DOhtj65Wqa/edit?usp=sharing&ouid=106555315294820607512&rtpof=true&sd=true </a> |
| Link text | List of Curated E-Books |
| 942 ## - ADDED ENTRY ELEMENTS (KOHA) | |
| Koha item type | E-Book |
| Withdrawn status | Damaged status | Not for loan | Home library | Current library | Date acquired | Total Checkouts | Date last seen | Price effective from | Koha item type |
|---|---|---|---|---|---|---|---|---|---|
| Directory of Open Access Books | Directory of Open Access Books | 12/09/2024 | 12/09/2024 | 12/09/2024 | E-Book |